| 000 | 00892nam a2200277 a 4500 | ||
|---|---|---|---|
| 005 | 20200104041517.0 | ||
| 008 | 140224b1997 ck ||||| |||| 00| 0 spa d | ||
| 040 |
_aCO-BoIAVH _cCO-BoIAVH |
||
| 041 | _aspa | ||
| 044 | _ack | ||
| 090 |
_aLB _b00971 |
||
| 100 |
_aPérez Tamayo, Nelly _910226 |
||
| 245 |
_aPrograma territorial de la serranía de Los Paraguas _bsistemas productivos tradicionales y sus implicaciones ambientales |
||
| 260 |
_aSantiago de Cali _bProyecto Biopacífico _c1997 |
||
| 300 | _a160 p. | ||
| 650 |
_aBiodiversidad _992204 |
||
| 650 |
_aCambio global _94262 |
||
| 650 |
_aEfecto invernadero _944880 |
||
| 650 |
_aCambio climático _944881 |
||
| 650 |
_aConservación de biodiversidad _9345 |
||
| 650 |
_aLegislación ambiental _944883 |
||
| 650 |
_aRegistro fósil _96984 |
||
| 650 |
_aEcosistemas _944884 |
||
| 650 |
_aEcofisiología _93616 |
||
| 942 |
_cINFORME _2z |
||
| 999 |
_c983 _d983 |
||